Sklo v moderní technice

Bibliographic Details
Format: Article
Language:Slovak
Czech
Subjects:

MARC

LEADER 00000nab a2200000 a 4500
001 vtls000032701
003 SK-MaSNL
005 20260304074223.0
008 250422c1979 xo 0 slo
015 |a SNBRB19rr/mm-uuuuu 
035 |a CL0042795 
035 |a urn:nbn:sk:snk-abb7wl 
035 |a (urnnbn)urn:nbn:sk:snk:ar-0058ws 
035 |a (uuid)03ab1b27-e34e-4181-b177-33a04014a745 
040 |a SNKBUCL  |b slo  |c SNKBUCL  |e AACR2 
041 0 |a cze 
044 |a xo  |c SK 
080 |a 666  |2 1981 
245 0 0 |a Sklo v moderní technice 
650 0 7 |a sklárstvo  |2 snkbucl  |9 26917 
655 7 |a články z novín a časopisov  |2 snkbucl  |9 267496 
773 0 |t Technická práca  |g Roč. 31, č. 1 (1979), s. 62-64 
850 |a Slovenská národná knižnica 
852 |a Slovenská národná knižnica 
958 |a article15 
958 |a OND 
958 |a RK 
958 |a CZ 
958 |a EUIPO 
992 |a RBX 
999 |c 2775241  |d 2777171